Pri Drienovci osadili kríž J. Langošovi

Bibliographic Details
Format: Article
Language:Slovak
PhysicalDescription:Fotogr.
ISSN:1335-4566
Subjects:
Online Access:www.korzar.sk

MARC

LEADER 00000nab a2200000 a 4500
001 vtls009008130
003 SK-MaSNL
005 20260303065508.0
008 070718c20070613xo drz 0 0slo
038 |a KEVKJB 
040 |a KEVKJB  |b slo  |c KEVKJB  |e AACR2 
041 0 |a slo 
044 |a xo  |c SK 
080 |a 27-526.6  |2 2001 
080 |a 656.1  |2 2001 
080 |a 614.86  |2 2001 
245 0 0 |a Pri Drienovci osadili kríž J. Langošovi  |c [autor] (sam) 
300 |b Fotogr. 
600 1 7 |a Langoš, Ján,  |d 1946-2006   |2 kevkjb  |9 116555 
650 0 7 |a dopravné nehody  |2 kevkjb  |9 4151 
650 0 7 |a drevené kríže  |2 kevkjb  |9 373439 
651 7 |a Drienovec (Slovensko)  |2 kevkjb  |9 29641 
651 7 |a Košice-okolie (Slovensko : okres)  |2 kevkjb  |9 146743 
773 0 |t Košický denník Korzár  |g Roč. X, č. 135 (13.6.2007), s. 2  |x 1335-4566 
852 |a KEVKJB  |b KIS3GCP 
856 4 1 |u www.korzar.sk 
999 |c 1751415  |d 1753345